000 00657nam a22001937a 4500
999 _c191865
_d191865
005 20220906110456.0
010 _aUR-11706
020 _a9789392496370
_c300.00
035 _aU-10261
037 _bDBAD/PUB
_a-
082 _a841
100 _aشہود ثمر
245 _aداغ ثمر :
_bشعری مجموع /
_cشہود ثمر
_hا ر د و
246 _aDagh-E-Samar (A collection of Ghazals, Nazm and Qatat) /
_bby Shahood Samar
260 _aNew Delhi
_bEducational Publishing House
_c2022 ء
270 _aH.O. D1/16, Ansari Road, Daryaganj
_bNew Delhi
_e110002
300 _a128 ص
_c23cm(Hb)
942 _2ddc
_cUR
_h841
_mش ہ و